| 000 | 00479nam a22001697a 4500 | ||
|---|---|---|---|
| 999 |
_c26925 _d26925 |
||
| 003 | BDDh-ASL | ||
| 005 | 20231015030712.0 | ||
| 008 | 211020n i ||||| |||| 00| 0 u d | ||
| 040 |
_aBDDh-ASL _cBDDh-ASL |
||
| 082 |
_a297.352 _bALK |
||
| 100 | 1 |
_95259 _aAli, Munshi Mohammad Syed Anwar |
|
| 245 | 1 | 0 | _aKalid Babul Hajj : / کليد باب الحج |
| 260 |
_aKanpur : _bNawal Kishore , |
||
| 300 |
_a116 p. : _c26 cm. |
||
| 650 | 0 |
_95260 _aIslam, Hajj |
|
| 942 |
_2ddc _cBK |
||